Normal view
MARC view
- Rana Muhammad Awais QAMAR
Entry Personal Name
001 - CONTROL NUMBER
- control field: 72643
003 - CONTROL NUMBER IDENTIFIER
- control field: NUST
005 - DATE AND TIME OF LATEST TRANSACTION
- control field: 20210628204846.0
008 - FIXED-LENGTH DATA ELEMENTS
- fixed length control field: 210628|| aca||aabn | a|a d
040 ## - CATALOGING SOURCE
- Original cataloging agency: NUST
- Transcribing agency: NUST
100 ## - HEADING--PERSONAL NAME
- Personal name: Rana Muhammad Awais QAMAR
670 ## - SOURCE DATA FOUND
- Source citation: Work cat.: (NUST): Rana Muhammad Awais QAMAR, TH-SOF-0811-IMPROVING PUBLIC SECTOR HEALTH CARE ORGANIZATIONS BY IMPLEMENTING LEAN CONCEPT IN PAKISTAN, 2013
